Gaming Quiz

Random Gaming Quiz

Heroes of might and magic III Creatures Quiz Stats

 Plays Quiz not verified by Sporcle

Challenge
Share
Tweet
Embed
Score 0/141 Timer 20:00
0 Plays Today
Can you name the Units of Heroes III Units % Correct
Castle Angel
97.1%
Castle Archer
91.2%
Castle Griffin
90.2%
InfernoDevil
90.2%
TowerTitan
89.2%
NecropolisSkeleton
89.2%
Castle Arch Angel
88.2%
DungeonBlack Dragon
88.2%
DungeonRed Dragon
87.3%
FortressHydra
87.3%
Castle Monk
86.3%
RampartGreen Dragon
86.3%
InfernoImp
86.3%
Castle Pikeman
85.3%
TowerGiant
85.3%
DungeonMinotaur
85.3%
RampartCentaur
85.3%
RampartDwarf
85.3%
StrongholdGoblin
85.3%
InfernoArch Devil
85.3%
NecropolisBone Dragon
85.3%
DungeonMedusa
84.3%
RampartUnicorn
84.3%
RampartGold Dragon
84.3%
NecropolisGhost Dragon
83.3%
TowerGenie
82.4%
StrongholdOgre
82.4%
InfernoDemon
82.4%
NecropolisZombie
82.4%
Castle Marksman
81.4%
Castle Crusader
81.4%
TowerMage
81.4%
NecropolisLich
81.4%
Castle Swordsman
80.4%
Castle Zealot
80.4%
StrongholdBehemoth
80.4%
NecropolisVampire
80.4%
Castle Royal Griffin
79.4%
Castle Champion
79.4%
TowerStone Golem
79.4%
TowerIron Golem
79.4%
TowerNaga
79.4%
StrongholdOrc
79.4%
StrongholdThunderbird
79.4%
InfernoHell Hound
79.4%
TowerGargoyle
78.4%
DungeonHarpy
78.4%
Can you name the Units of Heroes III Units % Correct
StrongholdCyclops
78.4%
ConfluxFire Elemental
78.4%
ConfluxEarth Elemental
78.4%
FortressGorgon
78.4%
TowerGremlin
77.5%
TowerArchmage
77.5%
DungeonMedusa Queen
77.5%
StrongholdWolf Rider
77.5%
ConfluxWater Elemental
77.5%
ConfluxPhoenix
77.5%
FortressBasilisk
77.5%
TowerNaga Queen
76.5%
DungeonBeholder
76.5%
DungeonMinotaur King
76.5%
RampartPegasus
76.5%
StrongholdRoc
76.5%
ConfluxAir elemental
76.5%
InfernoGog
76.5%
NecropolisSkeleton Warrior
76.5%
DungeonHarpy Hag
75.5%
FortressGnoll
75.5%
FortressWyvern
75.5%
InfernoPit Lord
75.5%
RampartBattle Dwarf
74.5%
StrongholdAncient Behemoth
74.5%
InfernoMagog
74.5%
InfernoEfreet
74.5%
DungeonEvil Eye
73.5%
StrongholdWolf Raider
73.5%
NecropolisWalking Dead
73.5%
NecropolisVampire Lord
73.5%
DungeonTroglodyte
72.5%
DungeonManticore
72.5%
ConfluxPixie
72.5%
FortressLizardman
72.5%
InfernoCerberus
72.5%
InfernoPit Fiend
72.5%
NecropolisDread Knight
72.5%
StrongholdHobgoblin
71.6%
ConfluxFirebird
71.6%
InfernoFamiliar
71.6%
NecropolisWraith
71.6%
DungeonScorpicore
70.6%
RampartWood Elf
70.6%
StrongholdOgre Mage
70.6%
StrongholdCyclops King
70.6%
ConfluxStorm Elemental
70.6%
Can you name the Units of Heroes III Units % Correct
FortressGnoll Marauder
70.6%
Castle Halberdier
69.6%
FortressSerpent Fly
69.6%
FortressChaos Hydra
69.6%
InfernoEfreet Sultan
69.6%
NecropolisBlack Knight
69.6%
TowerObsidian Gargoyle
68.6%
RampartCentaur Captain
68.6%
RampartWar Unicorn
68.6%
FortressDragon Fly
68.6%
FortressMighty Gorgon
68.6%
TowerMaster Genie
67.6%
RampartSilver Pegasus
67.6%
ConfluxIce Elemental
67.6%
Castle Cavalier
66.7%
RampartDendroid Soldier
66.7%
ConfluxMagma Elemental
66.7%
NecropolisPower Lich
66.7%
TowerMaster Gremlin
65.7%
FortressGreater Basilisk
65.7%
InfernoHorned Demon
65.7%
NeutralPeasant
65.7%
RampartDendroid Guard
63.7%
StrongholdOrc Chieftain
63.7%
NecropolisWight
63.7%
NeutralGold Golem
63.7%
ConfluxSprite
61.8%
NeutralDiamond Golem
61.8%
FortressWyvern Monarch
60.8%
RampartGrand Elf
58.8%
ConfluxMagic Elemental
58.8%
NeutralHalfling
58.8%
NeutralCrystal Dragon
58.8%
NeutralAzure Dragon
58.8%
DungeonInfernal Troglodyte
57.8%
NeutralRust Dragon
57.8%
ConfluxEnergy Elemental
55.9%
FortressLizard Warrior
55.9%
ConfluxPsychic Elemental
53.9%
NeutralNomad
52.9%
NeutralSharpshooter
52.9%
NeutralFaerie Dragon
52.9%
NeutralTroll
52%
NeutralMummy
50%
NeutralBoar
49%
NeutralEnchanter
46.1%
NeutralRouge
31.4%

You're not logged in!

Compare scores with friends on all Sporcle quizzes.
OR
Log In

You Might Also Like...

Show Comments

Extras

Created Jan 22, 2010ReportNominate
Tags:creature, here, magic, unit

Top Quizzes Today


Score Distribution

Your Account Isn't Verified!

In order to create a playlist on Sporcle, you need to verify the email address you used during registration. Go to your Sporcle Settings to finish the process.

Report this User

Report this user for behavior that violates our Community Guidelines.

Details: